Категорія субєктивної модальності та засоби її вираження у творі Е. Е. Шмітта "Оскар та Рожева пані" (Запис № 285420)

МАРК-запис
000 -LEADER
fixed length control field 02053nam a22001577a 4500
041 ## - LANGUAGE CODE
Language code of text/sound track or separate title ukr
080 ## - UNIVERSAL DECIMAL CLASSIFICATION NUMBER
Universal Decimal Classification number 09
090 ## - LOCALLY ASSIGNED LC-TYPE CALL NUMBER (OCLC); LOCAL CALL NUMBER (OCLC)
Local cutter number (OCLC) ; Book number/undivided call number, CALL (RLIN) ВОЛ
100 ## - MAIN ENTRY--PERSONAL NAME
Personal name Волощук, Ю. М.
245 ## - TITLE STATEMENT
Title Категорія субєктивної модальності та засоби її вираження у творі Е. Е. Шмітта "Оскар та Рожева пані"
260 ## - PUBLICATION, DISTRIBUTION, ETC. (IMPRINT)
Place of publication, distribution, etc Острог
Name of publisher, distributor, etc КАФ
Date of publication, distribution, etc 2014
300 ## - PHYSICAL DESCRIPTION
Extent 68
520 ## - SUMMARY, ETC.
Summary, etc Вступ.<br/>Розділ І. Теоретичні основи категорії модальності.<br/>1.1. Модальність як логіко-лінгвістична категорія<br/>1.2. Точка зору на проблему модальності в сучасному мовознавстві<br/>1.2.1. Види модальності<br/>1.2.2. Семантична характеристика засобів вираження модальності<br/>Розділ ІІ. Засоби передачі категорії субєктивної модальності на прикладі роману Е. Е. Шмітта "Оскар і Рожева пані".<br/>2.1. Особливості індивідуального стилю Еріка Еммануеля Шмітта<br/>2.2. Засоби передачі категорії субєктивної модальності просодичного рівня на основі роману "Оскар і Рожева пані"<br/>2.3. Лексичні засоби передачі категорії субєктивної модальності<br/>2.4. Лексико-граматичні та граматичні засоби передачі субєктивної модальності<br/>2.5. Стилістичні засоби передачі категорії субєктивної модальності<br/>Висновки.<br/>Список використаної літератури.<br/>Джерела ілюстрованого матеріалу.<br/>Додаток
-- модальність, роман
650 ## - SUBJECT ADDED ENTRY--TOPICAL TERM
Topical term or geographic name as entry element Research Papers
942 ## - ADDED ENTRY ELEMENTS (KOHA)
Koha item type Книги
Фонди
Withdrawn status Lost status Source of classification or shelving scheme Damaged status Not for loan Home library Current library Date acquired Source of acquisition Cost, normal purchase price Total Checkouts Full call number Barcode Date last seen Price effective from Koha item type
    Universal Decimal Classification     ВІЛ - Відділ іноземн. літератури НБ ВІЛ - Відділ іноземн. літератури НБ 17/06/2014 Акт №8 1.00   09 215497 09/11/2021 17/06/2014 Книги